[Event "EYCC 2017"]
[Site "Mamaia"]
[Date "2017.09.12"]
[Round "7"]
[White "Sargsyan, Anna M"]
[Black "Cvitan, Ena"]
[Result "1-0"]
[WhiteElo "2047"]
[BlackElo "2270"]
[Annotator "TA"]
[PlyCount "69"]
[EventDate "2017.??.??"]
[EventType "swiss"]
[EventCountry "ROU"]
[SourceTitle "playchess.com"]
[Source "ChessBase"]
[SourceQuality "1"]

1. e4 c6 2. Nf3 d5 3. exd5 cxd5 4. Ne5 Nc6 5. d4 a6 6. c3 Bf5 7. Nd2 e6 8. Ndf3 Bd6 9. Bd3 Nge7 10. O-O Bxe5 11. dxe5 Bxd3 12. Qxd3 Ng6 13. Re1 Qc7 14. Qe2 O-O 15. h4 Rfc8 16. h5 Nf8 17. h6 g6 18. Nh2 b5 19. Bg5 Rab8 20. Qf3 f5 21. exf6 Qf7 22. Ng4 Re8 23. Rad1 Rbd8 24. Qe3 Nd7 25. f4 Na5 26. b3 Rc8 27. Qa7 Ne5 28. Qxf7+ Nxf7 29. Re3 Nb7 30. Nf2 Nfd6 31. g4 Nc5 32. Rd4 Nce4 33. Nxe4 Nxe4 34. Rexe4 dxe4 35. Rd7 1-0

[Event "EYCC 2017"]
[Site "Mamaia"]
[Date "2017.09.12"]
[Round "7"]
[White "Allahverdiyeva, Ayan"]
[Black "Lomaia, Diana"]
[Result "1-0"]
[WhiteElo "2042"]
[BlackElo "1753"]
[Annotator "NA RC"]
[PlyCount "127"]
[EventDate "2017.??.??"]
[EventType "swiss"]
[EventCountry "ROU"]
[SourceTitle "playchess.com"]
[Source "ChessBase"]
[SourceQuality "1"]

1. e4 c5 2. Nf3 d6 3. c3 Nf6 4. Bd3 Nc6 5. Bc2 g6 6. O-O Bg7 7. d3 O-O 8. Re1 Bg4 9. h3 Bxf3 10. Qxf3 Qc7 11. Be3 b5 12. Qd1 Rfc8 13. Nd2 Nd7 14. Rc1 a5 15. Nb1 Qb7 16. f4 b4 17. f5 Nde5 18. Rf1 Kh8 19. Qe2 Qa6 20. Bg5 f6 21. Be3 a4 22. c4 Nd4 23. Qd2 Qb6 24. Bd1 Kg8 25. Bg4 Nxg4 26. hxg4 Rf8 27. Kf2 Kf7 28. Rh1 Rh8 29. Rh3 a3 30. Bxd4 cxd4 31. b3 g5 32. e5 dxe5 33. Qe2 h6 34. Nd2 Qc6 35. Ne4 Rab8 36. Qf3 Rbc8 37. c5 Rc7 38. Rc4 Rb8 39. Rh1 Ke8 40. Qh3 Kf8 41. Rhc1 Qe8 42. Qh1 Qc6 43. Qh5 Qe8 44. c6 Qxh5 45. gxh5 Kf7 46. Nc5 Rxc6 47. Ne6 Rxc4 48. Rxc4 Bf8 49. Kf3 Bg7 50. g4 Bf8 51. Ke4 Bg7 52. Kd5 Bf8 53. Rc5 Bg7 54. Kc6 e4 55. dxe4 d3 56. Rd5 Rc8+ 57. Nc7 Rb8 58. Rxd3 Bf8 59. Rd7 Bg7 60. Ne6 Bf8 61. Rd8 Rxd8 62. Nxd8+ Ke8 63. Ne6 Kf7 64. Kd7 1-0

[Event "EYCC 2017"]
[Site "Mamaia"]
[Date "2017.09.12"]
[Round "7"]
[White "Ciocan, Maria-Alexandra"]
[Black "Afonasieva, Anna"]
[Result "0-1"]
[WhiteElo "2015"]
[BlackElo "2263"]
[Annotator "TA"]
[PlyCount "80"]
[EventDate "2017.??.??"]
[EventType "swiss"]
[EventCountry "ROU"]
[SourceTitle "playchess.com"]
[Source "ChessBase"]
[SourceQuality "1"]

1. e4 c5 2. Nf3 d6 3. g3 Nc6 4. Bg2 g6 5. O-O Bg7 6. c3 Nf6 7. Re1 O-O 8. h3 e5 9. Na3 b6 10. d4 Ba6 11. Qa4 Bb7 12. d5 Ne7 13. b4 cxb4 14. cxb4 Nfxd5 15. Bb2 Nf6 16. Rad1 Qb8 17. Nd2 a6 18. b5 Nd7 19. Ndc4 Rd8 20. Rxd6 Nc5 21. Qd1 Rxd6 22. Nxd6 axb5 23. Naxb5 Bc6 24. Ba3 Ne6 25. Qf3 Qf8 26. Rc1 Nd4 27. Nxd4 exd4 28. Qb3 Bd7 29. e5 Be6 30. Qd3 Bxe5 31. Bxa8 Qxa8 32. Kh2 Nf5 33. Nxf5 Bxf5 34. Qb3 d3 35. Qb4 h5 36. Re1 Bg7 37. Bb2 Qf3 38. Qxb6 Be4 39. Rg1 h4 40. gxh4 Kh7 0-1

[Event "EYCC 2017"]
[Site "Mamaia"]
[Date "2017.09.12"]
[Round "7"]
[White "Fiszer, Bartosz"]
[Black "Klimkowski, Jan"]
[Result "1/2-1/2"]
[WhiteElo "2009"]
[BlackElo "1761"]
[Annotator "NA RC"]
[PlyCount "78"]
[EventDate "2017.??.??"]
[EventType "swiss"]
[EventCountry "ROU"]
[SourceTitle "playchess.com"]
[Source "ChessBase"]
[SourceQuality "1"]

1. e4 c5 2. Nf3 d6 3. d4 cxd4 4. Nxd4 Nf6 5. Nc3 a6 6. Nb3 g6 7. Be2 Bg7 8. Be3 Nbd7 9. g4 h5 10. g5 Ng4 11. Bf4 Nge5 12. a4 Nb6 13. Bc1 a5 14. Nd5 Nxd5 15. Qxd5 Bd7 16. Qxb7 O-O 17. Bb5 Rb8 18. Qa6 Ra8 19. Qb7 Bg4 20. f4 Nf3+ 21. Kf1 Nd4 22. Nxd4 Bxd4 23. Qd5 e5 24. Qb3 Qc7 25. Qd3 d5 26. fxe5 Qxe5 27. c3 Bb6 28. Qxd5 Qxd5 29. exd5 Bf3 30. Rg1 Bxg1 31. Kxg1 Bxd5 32. c4 Be4 33. Bd2 Rfc8 34. Rc1 Bc6 35. Be3 Rab8 36. Bf4 Ra8 37. Be3 Rab8 38. Bf4 Ra8 39. Be3 Rab8 1/2-1/2

[Event "EYCC 2017"]
[Site "Mamaia"]
[Date "2017.09.12"]
[Round "7"]
[White "Avetisyan, Mariam"]
[Black "Korchagina, Alena"]
[Result "0-1"]
[WhiteElo "1976"]
[BlackElo "2158"]
[Annotator "TA"]
[PlyCount "116"]
[EventDate "2017.??.??"]
[EventType "swiss"]
[EventCountry "ROU"]
[SourceTitle "playchess.com"]
[Source "ChessBase"]
[SourceQuality "1"]

1. e4 c5 2. Nf3 e6 3. d4 cxd4 4. Nxd4 a6 5. c4 Nf6 6. Nc3 Qc7 7. Be2 Bb4 8. Qd3 Nc6 9. Nxc6 dxc6 10. a3 Bd6 11. Bg5 Nd7 12. Rd1 Be5 13. g3 O-O 14. Be3 f5 15. exf5 exf5 16. f4 Bxc3+ 17. Qxc3 Nf6 18. O-O Re8 19. Bf3 Ne4 20. Bxe4 Rxe4 21. Bd4 Be6 22. Be5 Qf7 23. b3 h5 24. Rd6 Re8 25. a4 Qg6 26. a5 h4 27. Qf3 hxg3 28. hxg3 Kf7 29. Rfd1 Qg4 30. Qxg4 fxg4 31. R6d4 Re3 32. R4d3 Rxd3 33. Rxd3 Bf5 34. Rd4 Rh8 35. b4 Rc8 36. c5 Rh8 37. Rd2 Rh3 38. Kg2 Be4+ 39. Kf2 Bd5 40. Re2 Rh2+ 41. Ke3 Rh1 42. f5 Bf3 43. Rd2 Re1+ 44. Kf4 Re4+ 45. Kg5 Rxe5 46. Rd7+ Re7 47. Rd8 Be2 48. Kf4 g6 49. Kg5 gxf5 50. Kxf5 Bf3 51. Rb8 Rd7 52. Kg5 Ke6 53. Rf8 Rg7+ 54. Kh6 Rf7 55. Rd8 Rd7 56. Re8+ Kd5 57. Rf8 Kc4 58. Rf4+ Rd4 0-1

[Event "EYCC 2017"]
[Site "Mamaia"]
[Date "2017.09.12"]
[Round "7"]
[White "Can, Isil"]
[Black "Dakic, Marta"]
[Result "1-0"]
[WhiteElo "1945"]
[BlackElo "1562"]
[Annotator "NA RC"]
[PlyCount "81"]
[EventDate "2017.??.??"]
[EventType "swiss"]
[EventCountry "ROU"]
[SourceTitle "playchess.com"]
[Source "ChessBase"]
[SourceQuality "1"]

1. e4 e5 2. Nf3 d6 3. d4 exd4 4. Qxd4 Nc6 5. Bb5 Bd7 6. Bxc6 Bxc6 7. Nc3 Nf6 8. Bg5 Be7 9. O-O-O h6 10. Be3 O-O 11. h3 Re8 12. Nd2 Bf8 13. f3 g6 14. Nf1 Bg7 15. Qd2 Kh7 16. g4 Nd7 17. Ng3 Ne5 18. Qf2 Nc4 19. Bd4 Bxd4 20. Rxd4 Ne5 21. f4 Nd7 22. h4 Nc5 23. f5 Qe7 24. g5 h5 25. Rf1 Qf8 26. Qe2 Qe7 27. Nxh5 Nd7 28. fxg6+ fxg6 29. Nf6+ Nxf6 30. gxf6 Qe5 31. Qc4 Rf8 32. Nd5 Rf7 33. Nb6 Raf8 34. Nd5 Bxd5 35. Rxd5 Qg3 36. h5 Qe3+ 37. Kb1 Kh6 38. hxg6 Kxg6 39. Rdf5 a6 40. e5 Qg3 41. Qe4 1-0

[Event "EYCC 2017"]
[Site "Mamaia"]
[Date "2017.09.12"]
[Round "7"]
[White "Lehaci, Miruna-Daria"]
[Black "Ciolacu, Alessia-Mihaela"]
[Result "1/2-1/2"]
[WhiteElo "1914"]
[BlackElo "1787"]
[Annotator "NA RC"]
[PlyCount "110"]
[EventDate "2017.??.??"]
[EventType "swiss"]
[EventCountry "ROU"]
[SourceTitle "playchess.com"]
[Source "ChessBase"]
[SourceQuality "1"]

1. Nf3 d5 2. g3 Nf6 3. Bg2 c6 4. O-O Bg4 5. d4 Nbd7 6. Nbd2 e6 7. Re1 Be7 8. e4 dxe4 9. Nxe4 Nxe4 10. Rxe4 Nf6 11. Re1 O-O 12. h3 Bh5 13. g4 Bg6 14. Ne5 Nd5 15. c3 Bg5 16. Nxg6 hxg6 17. Bxg5 Qxg5 18. Re5 Qh4 19. Qf3 g5 20. Qg3 Nf4 21. Qxh4 gxh4 22. Bf1 f6 23. Re3 g5 24. Bc4 Kf7 25. Rae1 Rfe8 26. b4 Nd5 27. Bxd5 exd5 28. b5 Rxe3 29. fxe3 cxb5 30. Rb1 a6 31. Kf2 Rc8 32. Rb3 Rc4 33. Kf3 Ke6 34. e4 b4 35. cxb4 Rxd4 36. exd5+ Kxd5 37. a3 Kc4 38. Re3 Rd3 39. Rxd3 Kxd3 40. a4 b5 41. axb5 axb5 42. Kf2 Kc4 43. Ke3 Kxb4 44. Ke4 Kc3 45. Kf5 b4 46. Kxf6 b3 47. Kxg5 b2 48. Kxh4 b1=Q 49. g5 Qg6 50. Kg4 Kd4 51. h4 Ke4 52. Kg3 Qh5 53. Kh3 Kf3 54. Kh2 Qxh4+ 55. Kg1 Qf2+ 1/2-1/2

[Event "EYCC 2017"]
[Site "Mamaia"]
[Date "2017.09.12"]
[Round "7"]
[White "Dwilewicz, Katarzyna"]
[Black "Asatryan, Sona"]
[Result "1/2-1/2"]
[WhiteElo "1884"]
[BlackElo "2043"]
[Annotator "NA RC"]
[PlyCount "146"]
[EventDate "2017.??.??"]
[EventType "swiss"]
[EventCountry "ROU"]
[SourceTitle "playchess.com"]
[Source "ChessBase"]
[SourceQuality "1"]

1. e4 c6 2. c4 d5 3. exd5 cxd5 4. cxd5 Qxd5 5. Nc3 Qa5 6. d4 Nf6 7. Nf3 g6 8. Bc4 Bg7 9. O-O O-O 10. Qe2 Bg4 11. h3 Bxf3 12. Qxf3 Nc6 13. Rd1 Rfd8 14. Be3 Rac8 15. Rac1 Qb4 16. b3 Na5 17. Nd5 Nxd5 18. Bxd5 e6 19. Bd2 Qb5 20. Bxa5 Rxc1 21. Rxc1 Qxa5 22. Bxb7 Bxd4 23. a4 Qd2 24. Rf1 Bb6 25. Ba6 Rd5 26. Bc4 Rf5 27. Qe2 Qf4 28. Bd3 Rf6 29. Be4 h5 30. Qf3 Qe5 31. Qd3 h4 32. b4 Bc7 33. g3 hxg3 34. fxg3 Rxf1+ 35. Kxf1 Qxg3 36. Qxg3 Bxg3 37. a5 a6 38. Bd3 Bd6 39. b5 axb5 40. Bxb5 f5 41. Ke2 Kg7 42. Kd3 Kf6 43. h4 Bc7 44. a6 Bb6 45. Be8 Ba7 46. Ke2 e5 47. Kf3 Bb6 48. Ba4 Bc5 49. Be8 Ba7 50. Bc6 e4+ 51. Kf4 Bb8+ 52. Ke3 Kg7 53. Be8 Kh6 54. Bf7 Kh5 55. Be8 Kxh4 56. Bxg6 Kg4 57. Kd4 Kg5 58. Be8 Ba7+ 59. Ke5 e3 60. Bb5 Bb8+ 61. Kd4 Kf4 62. Be2 Ba7+ 63. Kd5 Kg3 64. Ke5 f4 65. Ke4 Kf2 66. Bh5 Kg3 67. Bf3 Bb8 68. Bh5 Kh4 69. Be2 Kg3 70. Bh5 Kf2 71. a7 Bxa7 72. Kxf4 e2 73. Bxe2 Kxe2 1/2-1/2

[Event "EYCC 2017"]
[Site "Mamaia"]
[Date "2017.09.12"]
[Round "7"]
[White "Makkar, Rajat"]
[Black "Kolesov, Gordey"]
[Result "0-1"]
[WhiteElo "1880"]
[BlackElo "1672"]
[Annotator "NA RC"]
[PlyCount "72"]
[EventDate "2017.??.??"]
[EventType "swiss"]
[EventCountry "ROU"]
[SourceTitle "playchess.com"]
[Source "ChessBase"]
[SourceQuality "1"]

1. Nf3 Nf6 2. c4 g6 3. Nc3 Bg7 4. d4 O-O 5. e3 d6 6. Bd3 Re8 7. O-O e5 8. Qc2 Nc6 9. a3 exd4 10. Nxd4 Nxd4 11. exd4 Ng4 12. h3 Nh6 13. Bxh6 Bxh6 14. Rfe1 Bd7 15. Nd5 Bg7 16. Rxe8+ Bxe8 17. Re1 Bxd4 18. Qd2 c5 19. Qh6 Bg7 20. Qd2 Ba4 21. Bc2 Bxc2 22. Qxc2 Qh4 23. Re4 Qg5 24. Re7 Bd4 25. b3 Rf8 26. a4 Kh8 27. Qe2 Qh4 28. Rxb7 f5 29. Re7 f4 30. Qf3 h5 31. Re6 Kg7 32. Ne7 Rf6 33. Rxf6 Qxf6 34. Nd5 Qf5 35. Nxf4 Be5 36. Nd5 Qb1+ 0-1

[Event "EYCC 2017"]
[Site "Mamaia"]
[Date "2017.09.12"]
[Round "7"]
[White "Luczak, Filip"]
[Black "Popov, Konstantin"]
[Result "1-0"]
[WhiteElo "1866"]
[BlackElo "2141"]
[Annotator "TA"]
[PlyCount "85"]
[EventDate "2017.??.??"]
[EventType "swiss"]
[EventCountry "ROU"]
[SourceTitle "playchess.com"]
[Source "ChessBase"]
[SourceQuality "1"]

1. d4 d5 2. Nc3 Nf6 3. Bf4 e6 4. e3 Be7 5. Bd3 O-O 6. h4 c5 7. Nf3 Nc6 8. Ne5 cxd4 9. exd4 Qb6 10. Nxc6 bxc6 11. Na4 Qa5+ 12. c3 c5 13. Nxc5 Bxc5 14. dxc5 Qxc5 15. O-O a5 16. Re1 Bb7 17. Re3 Qe7 18. Rg3 e5 19. Bh6 g6 20. h5 Rfe8 21. Bg5 Qe6 22. hxg6 fxg6 23. Qb3 Bc6 24. Re1 Kg7 25. Qc2 e4 26. Be2 Nd7 27. Bg4 Qd6 28. Bxd7 Qxd7 29. Qd2 Kg8 30. Bf6 Rf8 31. Qg5 Qe6 32. Bd4 Rf7 33. Qh6 Qf5 34. Rg5 Qe6 35. Re3 Be8 36. Reg3 Re7 37. a3 Rc8 38. Re5 Qf7 39. Qg5 Rxe5 40. Qxe5 Qd7 41. Qh8+ Kf7 42. Qg7+ Ke6 43. Qf6# 1-0

[Event "EYCC 2017"]
[Site "Mamaia"]
[Date "2017.09.12"]
[Round "7"]
[White "Esadze, Tamari"]
[Black "Hercog, Nusa"]
[Result "1-0"]
[WhiteElo "1863"]
[BlackElo "2034"]
[Annotator "NA RC"]
[PlyCount "69"]
[EventDate "2017.??.??"]
[EventType "swiss"]
[EventCountry "ROU"]
[SourceTitle "playchess.com"]
[Source "ChessBase"]
[SourceQuality "1"]

1. e4 c5 2. Nf3 e6 3. d4 cxd4 4. Nxd4 Nc6 5. c4 Qc7 6. Nc3 a6 7. Be2 Nf6 8. a3 h6 9. Be3 Be7 10. O-O O-O 11. f4 d6 12. Rc1 Bd7 13. b4 Nxd4 14. Bxd4 Rfd8 15. Qd3 Ne8 16. Qg3 b6 17. f5 Bg5 18. Rcd1 Kh7 19. Bh5 Bc8 20. fxe6 Bxe6 21. Nd5 Bxd5 22. exd5 Bf6 23. Qd3+ Kg8 24. Qe3 Rab8 25. Qg3 Kh7 26. Qf4 Bxd4+ 27. Rxd4 Nf6 28. Bd1 Re8 29. Bc2+ Kg8 30. Qh4 Re2 31. Bd3 Re5 32. Rxf6 gxf6 33. Qxh6 Qe7 34. Bh7+ Kh8 35. Bg6+ 1-0

[Event "EYCC 2017"]
[Site "Mamaia"]
[Date "2017.09.12"]
[Round "7"]
[White "Hajiyeva, Laman"]
[Black "Garifullina, Leya"]
[Result "1-0"]
[WhiteElo "1818"]
[BlackElo "1970"]
[Annotator "NA RC"]
[PlyCount "56"]
[EventDate "2017.??.??"]
[EventType "swiss"]
[EventCountry "ROU"]
[SourceTitle "playchess.com"]
[Source "ChessBase"]
[SourceQuality "1"]

1. d4 d5 2. Nf3 Nf6 3. e3 e6 4. Bd3 c5 5. c3 Nc6 6. Nbd2 Be7 7. dxc5 Bxc5 8. b4 Bd6 9. Bb2 O-O 10. O-O e5 11. e4 dxe4 12. Nxe4 Nxe4 13. Bxe4 Qc7 14. Qd3 h6 15. Rad1 Rd8 16. b5 Na5 17. Bd5 Bg4 18. c4 Rac8 19. Rc1 b6 20. Rfe1 Re8 21. Qe4 Be6 22. Nxe5 Bxe5 23. Bxe5 Bxd5 24. Qxd5 Qc5 25. Bf4 Rxe1+ 26. Rxe1 Nxc4 27. Qd7 Na3 28. h3 Nxb5 1-0

[Event "EYCC 2017"]
[Site "Mamaia"]
[Date "2017.09.12"]
[Round "7"]
[White "Kostecka, Marika"]
[Black "Represa Perez, Mireya"]
[Result "0-1"]
[WhiteElo "1811"]
[BlackElo "2082"]
[Annotator "NA RC"]
[PlyCount "164"]
[EventDate "2017.??.??"]
[EventType "swiss"]
[EventCountry "ROU"]
[SourceTitle "playchess.com"]
[Source "ChessBase"]
[SourceQuality "1"]

1. e4 c5 2. Nf3 d6 3. d4 cxd4 4. Nxd4 Nf6 5. Nc3 a6 6. Be3 e5 7. Nb3 Be7 8. f3 Be6 9. Qd2 O-O 10. O-O-O Qc7 11. g4 Rc8 12. Kb1 d5 13. Nxd5 Nxd5 14. exd5 Bxd5 15. Qf2 Be6 16. Bd3 Nc6 17. Bb6 Qb8 18. Nc5 Nd4 19. Nxe6 Nxe6 20. Bf5 Rc6 21. Rd7 Bf6 22. Be4 Rd6 23. Rxb7 Qc8 24. h4 g6 25. g5 Bg7 26. Be3 Qd8 27. Qg1 Nf4 28. Bc5 Rd2 29. Bb6 Qe8 30. Qe1 Re2 31. Qb4 Bf8 32. Qc4 Rc8 33. Qxa6 Rxe4 34. fxe4 Qc6 35. Rc1 Ne2 36. Qxe2 Qxb7 37. Bf2 Ba3 38. c3 Rc4 39. Ka1 Rxe4 40. Qd2 Bf8 41. Re1 Ra4 42. Rxe5 Qb3 43. a3 Bxa3 44. Re8+ Bf8+ 45. Kb1 Qb5 46. Rxf8+ Kxf8 47. Qd8+ Kg7 48. Qf6+ Kg8 49. Qd8+ Kg7 50. Bd4+ Rxd4 51. Qxd4+ Kg8 52. c4 Qf5+ 53. Ka2 Qa5+ 54. Kb3 Qa8 55. c5 Qf3+ 56. Qc3 Qd5+ 57. Qc4 Qf3+ 58. Kb4 Qb7+ 59. Qb5 Qe4+ 60. Ka5 Qa8+ 61. Qa6 Qd8+ 62. Qb6 Qa8+ 63. Kb5 Qe8+ 64. c6 Qe2+ 65. Ka5 Qc4 66. c7 Qd5+ 67. Ka4 Qa8+ 68. Kb4 Qe4+ 69. Ka3 Qa8+ 70. Kb4 Qe4+ 71. Kc5 Qe5+ 72. Kc6 Qe4+ 73. Kd7 Qf5+ 74. Kd8 Qd5+ 75. Kc8 Qa8+ 76. Qb8 Qa6+ 77. Kd7+ Kg7 78. c8=Q Qe6+ 79. Kd8 Qd5+ 80. Qd7 Qa5+ 81. Qbc7 Qa8+ 82. Ke7 Qf8# 0-1

[Event "EYCC 2017"]
[Site "Mamaia"]
[Date "2017.09.12"]
[Round "7"]
[White "Mkrtchyan, Mariam"]
[Black "Khamenya, Vitalia"]
[Result "0-1"]
[WhiteElo "1794"]
[BlackElo "1853"]
[Annotator "NA RC"]
[PlyCount "116"]
[EventDate "2017.??.??"]
[EventType "swiss"]
[EventCountry "ROU"]
[SourceTitle "playchess.com"]
[Source "ChessBase"]
[SourceQuality "1"]

1. d4 d5 2. Nf3 c5 3. g3 cxd4 4. Nxd4 e5 5. Nb3 Nc6 6. Bg2 Nf6 7. Bg5 Be6 8. O-O Be7 9. e3 Qd7 10. Nc3 O-O-O 11. Na4 h6 12. Nbc5 Bxc5 13. Nxc5 Qe7 14. Bxf6 gxf6 15. Nxe6 fxe6 16. c4 e4 17. f4 Nb4 18. cxd5 exd5 19. Qd4 Kb8 20. Rf2 h5 21. Kh1 Rc8 22. Rb1 Rc4 23. Qd1 Nd3 24. Rc2 h4 25. g4 h3 26. Bf1 Qe6 27. Rd2 Rh4 28. Bxd3 exd3 29. Qf3 Qe4 30. Qxe4 dxe4 31. Rg1 Rc5 32. Rf2 Rh6 33. a3 Kc7 34. f5 Kd7 35. Rf4 Re5 36. Rc1 Rh8 37. Kg1 Rc8 38. Rxc8 Kxc8 39. Kf1 Kc7 40. Ke1 Kd6 41. Kd1 Re7 42. g5 fxg5 43. Rg4 Ke5 44. Rxg5 Rh7 45. b4 Kf6 46. Rg8 Kxf5 47. Rf8+ Ke5 48. Kd2 Rg7 49. Re8+ Kd5 50. Rd8+ Kc6 51. Re8 Rg2+ 52. Kc3 Rc2+ 53. Kb3 Rxh2 54. Rxe4 d2 55. Rd4 Rg2 56. Kc2 h2 57. Rh4 d1=Q+ 58. Kxd1 Rg1+ 0-1

[Event "EYCC 2017"]
[Site "Mamaia"]
[Date "2017.09.12"]
[Round "7"]
[White "Czarnecka, Lidia"]
[Black "Bui, Ngoc Han Julia"]
[Result "1-0"]
[WhiteElo "1792"]
[BlackElo "1850"]
[Annotator "NA RC"]
[PlyCount "67"]
[EventDate "2017.??.??"]
[EventType "swiss"]
[EventCountry "ROU"]
[SourceTitle "playchess.com"]
[Source "ChessBase"]
[SourceQuality "1"]

1. e4 e6 2. d4 d5 3. Nd2 Nf6 4. e5 Nfd7 5. Bd3 c5 6. c3 Nc6 7. Ne2 cxd4 8. cxd4 f6 9. exf6 Nxf6 10. O-O Bd6 11. Nf3 O-O 12. Bg5 h6 13. Bf4 Ng4 14. Bg3 Bxg3 15. hxg3 e5 16. dxe5 Ngxe5 17. Nxe5 Nxe5 18. Nf4 Bf5 19. Bxf5 Rxf5 20. Qc2 Qc8 21. Qb3 Nc4 22. Rac1 b5 23. Qxb5 Rb8 24. Qa4 Qb7 25. Qc2 Re5 26. b3 Nb6 27. Qg6 Rbe8 28. Rfd1 Qe7 29. Qb1 Rd8 30. Ng6 Qg5 31. f4 Qxg3 32. fxe5 Qe3+ 33. Kh1 d4 34. Qd3 1-0

[Event "EYCC 2017"]
[Site "Mamaia"]
[Date "2017.09.12"]
[Round "7"]
[White "Ince, Safiye Oyku"]
[Black "Stepanyan, Eva"]
[Result "1/2-1/2"]
[WhiteElo "1737"]
[BlackElo "1927"]
[Annotator "NA RC"]
[PlyCount "97"]
[EventDate "2017.??.??"]
[EventType "swiss"]
[EventCountry "ROU"]
[SourceTitle "playchess.com"]
[Source "ChessBase"]
[SourceQuality "1"]

1. e4 e5 2. Nf3 Nc6 3. Bb5 a6 4. Ba4 Nf6 5. d3 Bc5 6. O-O b5 7. Bb3 d6 8. c3 O-O 9. h3 h6 10. Re1 Re8 11. Nbd2 Bb6 12. Nf1 Ne7 13. Nh4 c5 14. Qf3 Nc6 15. Qg3 Kf8 16. Ne3 Ne7 17. Qf3 Neg8 18. g4 Be6 19. Nd5 Rc8 20. g5 hxg5 21. Bxg5 Bxd5 22. Bxd5 Qd7 23. Kh2 Bd8 24. Rg1 Be7 25. Rg2 Red8 26. Rag1 Rc7 27. Qg3 Nh5 28. Bxe7+ Qxe7 29. Qg4 Ngf6 30. Qg5 Ke8 31. Nf5 Qf8 32. Nxg7+ Qxg7 33. Qxg7 Nxg7 34. Rxg7 Nxd5 35. exd5 Ke7 36. Rh7 Kf6 37. h4 c4 38. Rh6+ Ke7 39. d4 exd4 40. cxd4 b4 41. Rh7 c3 42. bxc3 bxc3 43. Rhg7 Rh8 44. Kh3 Rc4 45. R7g4 c2 46. Rc1 a5 47. Re4+ Kf6 48. Kg4 Kg6 49. Kf3 1/2-1/2

[Event "EYCC 2017"]
[Site "Mamaia"]
[Date "2017.09.12"]
[Round "7"]
[White "Tsotsonava, Elene"]
[Black "Toncheva, Nadya"]
[Result "1-0"]
[WhiteElo "1644"]
[BlackElo "1802"]
[Annotator "NA RC"]
[PlyCount "77"]
[EventDate "2017.??.??"]
[EventType "swiss"]
[EventCountry "ROU"]
[SourceTitle "playchess.com"]
[Source "ChessBase"]
[SourceQuality "1"]

1. e4 c5 2. Nf3 e6 3. d4 cxd4 4. Nxd4 a6 5. Bd3 Nf6 6. Qe2 d6 7. c4 Qc7 8. O-O g6 9. Nc3 Bg7 10. Nf3 Nc6 11. Bf4 Nh5 12. Bg5 Bxc3 13. bxc3 O-O 14. Rfd1 e5 15. Qe3 Na5 16. Be2 Be6 17. Nd2 Ng7 18. Rab1 f5 19. Qb6 Rac8 20. Qxc7 Rxc7 21. Rb6 Rd7 22. exf5 gxf5 23. Rdb1 Rc8 24. R1b4 d5 25. cxd5 Rxd5 26. c4 Rd7 27. Ra4 Nc6 28. Nb3 Nd4 29. Nxd4 Rxd4 30. Be3 Rd7 31. Rab4 f4 32. Bc1 Rcd8 33. h3 Rd1+ 34. Bxd1 Rxd1+ 35. Kh2 Rxc1 36. Rxb7 Rxc4 37. R4b6 Ra4 38. Ra7 Rxa2 39. Rb8+ 1-0

[Event "EYCC 2017"]
[Site "Mamaia"]
[Date "2017.09.13"]
[Round "8"]
[White "Martirosyan, Haik M"]
[Black "Thybo, Jesper Sondergaard"]
[Result "1/2-1/2"]
[WhiteElo "2570"]
[BlackElo "2466"]
[Annotator "TA"]
[PlyCount "66"]
[EventDate "2017.??.??"]
[EventType "swiss"]
[EventCountry "ROU"]
[SourceTitle "playchess.com"]
[Source "ChessBase"]
[SourceQuality "1"]

1. d4 Nf6 2. c4 e6 3. Nc3 d5 4. cxd5 Nxd5 5. Nf3 c5 6. e4 Nxc3 7. bxc3 cxd4 8. cxd4 Bb4+ 9. Bd2 Bxd2+ 10. Qxd2 O-O 11. Bc4 Nd7 12. O-O b6 13. Rfe1 Bb7 14. Rad1 Qf6 15. e5 Qe7 16. Ng5 Rad8 17. Qf4 a6 18. Bd3 h6 19. Ne4 b5 20. Nd6 Bd5 21. h4 f6 22. Qg3 fxe5 23. dxe5 Nxe5 24. Rxe5 Qxd6 25. Bb1 Rf6 26. f4 Qb6+ 27. Kh2 Bb7 28. Qe3 Qc7 29. Rxd8+ Qxd8 30. Rxe6 Rxe6 31. Qxe6+ Kf8 32. Qe1 Qe7 33. Qf2 Be4 1/2-1/2

[Event "EYCC 2017"]
[Site "Mamaia"]
[Date "2017.09.13"]
[Round "8"]
[White "Deac, Bogdan-Daniel"]
[Black "Santos Ruiz, Miguel"]
[Result "1/2-1/2"]
[WhiteElo "2559"]
[BlackElo "2505"]
[Annotator "TA"]
[PlyCount "94"]
[EventDate "2017.??.??"]
[EventType "swiss"]
[EventCountry "ROU"]
[SourceTitle "playchess.com"]
[Source "ChessBase"]
[SourceQuality "1"]

1. Nf3 d6 2. d4 Nf6 3. c4 g6 4. g3 Bg7 5. Bg2 O-O 6. Nc3 Nc6 7. O-O Rb8 8. h3 a6 9. e4 b5 10. cxb5 axb5 11. Re1 e6 12. Qc2 b4 13. Na4 Qd7 14. b3 Bb7 15. Bd2 Rfc8 16. Rac1 Na7 17. Qb1 Ba8 18. Bf4 Nb5 19. Qd3 Na3 20. Nb2 Qb5 21. Nd2 Nd7 22. Ndc4 d5 23. exd5 Bxd5 24. Nxa3 bxa3 25. Qxb5 Rxb5 26. Nc4 Ra8 27. Red1 c6 28. Nd6 Rb4 29. Bxd5 exd5 30. Rxc6 Rxd4 31. Rxd4 Bxd4 32. Rc7 Nc5 33. Nxf7 Ne6 34. Nh6+ Kh8 35. Rc2 Nxf4 36. gxf4 Rf8 37. Kg2 Rxf4 38. Ng4 Re4 39. Kf1 h5 40. Nh2 Rf4 41. Kg2 Bb2 42. Nf3 Kg7 43. Rc5 d4 44. Ne1 Re4 45. Kf1 Rh4 46. Kg2 Re4 47. Kf1 Rh4 1/2-1/2

[Event "EYCC 2017"]
[Site "Mamaia"]
[Date "2017.09.13"]
[Round "8"]
[White "Sorokin, Aleksey"]
[Black "Costachi, Mihnea"]
[Result "0-1"]
[WhiteElo "2486"]
[BlackElo "2418"]
[Annotator "TA"]
[PlyCount "92"]
[EventDate "2017.??.??"]
[EventType "swiss"]
[EventCountry "ROU"]
[SourceTitle "playchess.com"]
[Source "ChessBase"]
[SourceQuality "1"]

1. d4 d5 2. c4 c6 3. Nf3 Nf6 4. e3 Bg4 5. h3 Bh5 6. g4 Bg6 7. Ne5 e6 8. Nxg6 hxg6 9. Nd2 Nbd7 10. Bg2 Bb4 11. Qc2 O-O 12. O-O Re8 13. a3 Bd6 14. c5 Bc7 15. f4 a5 16. Rb1 Qc8 17. b4 b5 18. cxb6 Bxb6 19. Nb3 axb4 20. axb4 Qc7 21. Bd2 Rec8 22. Rfc1 Ne8 23. Bf1 g5 24. Kg2 gxf4 25. exf4 Nd6 26. Bd3 Nf6 27. Be3 Nc4 28. Qe2 Nxe3+ 29. Qxe3 Ra2+ 30. Kh1 Qe7 31. Rg1 Bc7 32. Rg2 Rca8 33. Na5 Rxg2 34. Kxg2 Qd6 35. Kf3 Bxa5 36. bxa5 Rxa5 37. g5 Nh5 38. g6 Ra3 39. gxf7+ Kxf7 40. Rf1 Ke7 41. Kg4 Nf6+ 42. Kh4 Ne4 43. Qg1 g5+ 44. fxg5 Rxd3 45. g6 Rg3 46. Rf7+ Ke8 0-1

[Event "EYCC 2017"]
[Site "Mamaia"]
[Date "2017.09.13"]
[Round "8"]
[White "Van Foreest, Lucas"]
[Black "Sargsyan, Shant"]
[Result "0-1"]
[WhiteElo "2485"]
[BlackElo "2436"]
[Annotator "TA"]
[PlyCount "106"]
[EventDate "2017.??.??"]
[EventType "swiss"]
[EventCountry "ROU"]
[SourceTitle "playchess.com"]
[Source "ChessBase"]
[SourceQuality "1"]

1. e4 e5 2. Nf3 Nc6 3. Bc4 Bc5 4. c3 Nf6 5. d3 d6 6. a4 a5 7. O-O h6 8. Be3 Bxe3 9. fxe3 O-O 10. Nbd2 Be6 11. Bxe6 fxe6 12. Qb3 Qd7 13. d4 b6 14. Rad1 Rae8 15. Qb5 Rf7 16. Qd3 exd4 17. exd4 e5 18. Rde1 Nh5 19. Qc4 exd4 20. cxd4 Nf4 21. e5 dxe5 22. dxe5 Ne6 23. Ne4 Ncd4 24. Nfd2 Rxf1+ 25. Rxf1 Rf8 26. Rxf8+ Kxf8 27. Nc3 Nc6 28. Nf3 Ncd4 29. Qd3 Nxf3+ 30. Qxf3+ Ke8 31. Nd5 Qxa4 32. Qh5+ Kd8 33. Nc3 Qd4+ 34. Kh1 Qd2 35. h3 Qxb2 36. Nd5 Qa1+ 37. Kh2 Qd4 38. Qf3 Qxe5+ 39. Kh1 Qe1+ 40. Kh2 Qe5+ 41. Kh1 a4 42. Nc3 b5 43. Qd3+ Qd4 44. Qf3 Qc4 45. Qa8+ Kd7 46. Qf3 a3 47. Qf7+ Kd8 48. Qf3 b4 49. Qa8+ Kd7 50. Nd5 a2 51. Nxb4 Qc1+ 52. Kh2 a1=Q 53. Qd5+ Ke7 0-1